000 00554nam a22001937a 4500
003 MPLRDC
005 20220104143333.0
008 210129b ||||| |||| 00| 0 eng d
020 _a978-957-727-366-6
082 _a244.9 WRI
100 _aH. NORMAN WRIGHT, MATT WOODLEY, JULIE WOODLEY
245 _a穿越生命风暴
_c游紫萍 译
250 _a初版二刷
260 _a台湾
_b财团法人基督教宇宙光全人关怀机构
_c2009
300 _b247
490 _a心理/辅导: 05
650 _a基督徒生活
942 _cBK
_o244.9 WRI
999 _c38928
_d38918